Normal view MARC view
  • Yuste Hernanz, Carlos

Entry Nombre Personal

Number of records used in: 80

001 - NUMERO DE CONTROL

  • campo de control: 29510

003 - IDENTIFICADOR DE NUMERO DE CONTROL

  • campo de control: UPN

005 - FECHA Y HORA DE LA ÜLTIMA TRANSACCIÓN

  • campo de control: 20220622081848.0

008 - DATOS DE LONGITUD FIJA

  • campo de control de longitud fija: 220622n||acannaabn a aaa |d

035 ## - NUMERO DE CONTROL

  • Número de control: UPN11000001616

040 ## - FUENTE DE CATALOGACIÓN

  • Agencia original de catalogación: UPN
  • Lenguaje de catalogación: spa
  • Agencia de transcripción: UPN

100 1# - ENCABEZAMIENTO - NOMBRE PERSONAL

  • Nombre personal: Yuste Hernanz, Carlos

400 1# - VEÁSE - NOMBRE DE PERSONA

  • Personal name: Yuste, Carlos

670 ## - FUENTE EN LA QUE SE LOCALIZARON DATOS

  • Cita de la fuente: Actitudes PFSE : manual técnico, 1991:
  • Información localizada: portada (Carlos Yuste Hernanz)

670 ## - FUENTE EN LA QUE SE LOCALIZARON DATOS

  • Cita de la fuente: Faro 1 : aprendizaje inteligente y creativo en la escuela, 2002:
  • Información localizada: portada (Carlos Yuste)

680 ## - NOTA PUBLICA DE ACCESO PÚBLICO

  • Frase explicativa de la referencia: Psicólogo y educador español

902 ## - CATALOGADOR

  • Catalogador: DAA/110608